Sushi Names - English to Japanese - Statistics

General Stats
  • This quiz has been taken 34 times
  • The average score is 13 of 117
Answer Stats
Description Name % Correct
Salmon Sake
60%
Japanese Pufferfish Fugu
55%
Yellowtail Hamachi
55%
Salmon Roe Ikura
55%
Fatty Tuna Otoro
55%
Medium Fatty Tuna Chutoro
45%
Japanese Freshwater Eel Unagi
45%
Lean Tuna Akami
35%
Mackerel Saba
35%
Horse Mackerel Aji
30%
Japanese Conger Anago
30%
Japanese Amberjack Buri
30%
(Common) Scallop Hotate
30%
Japanese Oyster Kaki
30%
Omelette Tamagoyaki
30%
Flying Fish Roe Tobiko
30%
Ark Shell Akagai
25%
Red Sea Urchin Aka Uni
25%
Sweet Shrimp Amaebi
25%
Japanese Sardine Iwashi
25%
Bonito Katsuo
25%
Purple Sea Urchin Murasaki Uni
25%
Red Seabream Tai
25%
Botan Shrimp Botan Ebi
20%
Kuruma Prawn Kuruma Ebi
20%
Mirugai Clam Mirugai
20%
Striped Jack Shima Aji
20%
Tokobushi Abalone Tokobushi
20%
Argentine Red Shrimp Aka Ebi
15%
Monkfish Liver Ankimo
15%
Greater Amberjack Kanpachi
15%
Gizzard Shad Kohada
15%
Sakura Shrimp Sakura Ebi
15%
Young Gizzard Shad Shinko
15%
Spear Squid Yari Ika
15%
Halibut Engawa
10%
Bastard Halibut Hirame
10%
Sakhalin Surf Clam Hokkigai
10%
Firefly Squid Hotaru Ika
10%
Herring Roe Kazunoko
10%
Horsehair Crab Kegani
10%
Pacific Cod Madara
10%
Blackthroat Sea Perch Nodoguro
10%
Cherry Salmon Sakuramasu
10%
Pacific Saury Sanma
10%
Japanese Halfbeak Sayori
10%
Morotoge Shrimp Shima Ebi
10%
Japanese Sea Bass Suzuki
10%
King Crab Tarabagani
10%
Whelk Tsubugai
10%
Snow Crab Zuwaigani
10%
Round Clam Aoyagi
5%
Japanese Clam Asari
5%
Green Sea Urchin Bafun Uni
5%
Albacore Tuna Binnaga Maguro
5%
Biwa Trout Biwamasu
5%
Swimming Crab Gazami
5%
Chicken Grunt Isaki
5%
Barred Knifejaw Ishidai
5%
Barracuda Kamasu
5%
Filefish Kawahagi
5%
Swordtip Squid Kensaki Ika
5%
Yellowfin Tuna Kihada Maguro
5%
Splendid Alfonsino Kinmedai
5%
Longtooth Grouper Kue
5%
Japanese Abalone Kuro-awabi
5%
Bluefin Tuna Kuro Maguro
5%
(Common) Octopus Madako
5%
Marbled Flounder Makogarei
5%
Bigeye Tuna Mebachi Maguro
5%
North-Pacific Giant Octopus Mizudako
5%
Pacific Herring Nishin
5%
Baby Golden Cuttlefish Shin Ika
5%
Broad Velvet Shrimp Shiro Ebi
5%
Golden Cuttlefish Sumi Ika
5%
Japanese Common Squid Surume Ika
5%
Largehead Hairtail Tachiuo
5%
Japanese Egg Cockle Torigai
5%
Black Tiger Prawn Ushi Ebi
5%
Green Ling Ainame
0%
Horsehead Akaamadai
0%
Bigfin Reef Squid Aori Ika
0%
Sawedged Perch Ara
0%
Red Snow Crab Benizuwaigani
0%
Grape Shrimp Buduo Ebi
0%
Japanese Butterfish Ebodai
0%
Short-Spined Sea Urchin Ezobafun Uni
0%
Cuttlefish Legs Geso
0%
Spotted Chub Mackerel Gomasaba
0%
Red-spotted Shrimp Guiana Pink
0%
Daggertooth Pike Conger Hamo
0%
Gold-striped Amberjack Hiramasa
0%
Spotted Halibut Hoshigarei
0%
Spiny Red Gurnard Houbou
0%
Young Amberjack Inada
0%
Bering Sea Cockle Ishigakigai
0%
Kisslip Cuttlefish Kaminari Ika
0%
Young Crimson Sea Bream Kasugo
0%
Yellowback Sea Bream Kidai
0%
Japanese Whiting Kisu
0%
Northern Sea Urchin Kitamurasaki Uni
0%
Round Clam Ligaments Kobashira
0%
Gnomefish Kuromutsu
0%
Bartail Flathead Magochi
0%
Sevenband Grouper Mahata
0%
Striped Marlin Makajiki
0%
King Salmon Masunosuke
0%
Yellowleg Shrimp Mexico Brawn Ebi
0%
(Common) Orient Clam Nihamaguri
0%
Devil Stinger Oniokoze
0%
Spanish Mackerel Sawara
0%
Squilla Shaku
0%
Japanese Icefish Shirauo
0%
Black Skipjack Suma
0%
Pen-shell Tairagi
0%
Chum Salmon Tokishirazu
0%
Whiteleg Shrimp Vannamei Ebi
0%
No matching quizzes found
Score Distribution
Percent of People with Each Score
Percentile by Number Answered
Your Score History
You have not taken this quiz